000
00304nam a2200121 a 4500
008
101026s1990|||| d
100
1
_a
Martin, Eduard
245
1
0
_a
Přízraky doktora Frankenstaina
041
_a
ces
260
_b
Československý spisovateľ
_a
Praha
_c
1990
020
_c
25
044
_a
CZ
999
_c
12316
_d
12316